=LDR 00000nam 2200000 4500 =001 INLIS000000000011840 =005 20130612103402 =008 ***********************************Ind** =035 ##$$0010-061300000011840 =041 ##$$a Ind =082 ##$$a 332.1 =090 ##$$a 332.1, mar b =100 ##$$a Martono =245 ##$$a Bank dan lembaga keuangan lain, Martono =260 ##$$a 2002 $b Yogyakarta =300 ##$$a ix, 277 hlm., 24 cm =650 ##$$a Bank dan Perbankan =850 ##$$a NBPNMAT